000 00473cam a22002051 4500
001 sa 65007582
003 DLC
005 20260227112149.0
008 881028s1965 xx 000 0 ben
010 _asa 65007582
035 _a(OCoLC)23554289
040 _aDLC
_cMiU
_dDLC
042 _apremarc
050 0 0 _aPK1718.K3
_bG7
100 1 _aKara, Bimala,
_d1921-2003.
245 1 0 _aGrahaṇa.
260 _c[1965]
300 _a166 p.
_c22 cm.
500 _aRomanized.
999 _c65224
_d65224